[Event "Torino Sada op"]
[Site "Torino"]
[Date "2014.10.20"]
[Round "6"]
[White "Digiugno, Franco"]
[Black "Giacometto, Mario"]
[Result "1-0"]
[WhiteElo "1998"]
[BlackElo "1947"]
[PlyCount "37"]
[EventDate "2014.09.15"]
[EventType "swiss"]
[EventRounds "7"]
[EventCountry "ITA"]
[SourceTitle "EXT 2018"]
[Source "ChessBase"]
[SourceDate "2017.10.13"]
[SourceVersion "1"]
[SourceVersionDate "2017.10.13"]
[SourceQuality "1"]

1. d4 d5 2. c4 e5 3. dxe5 d4 4. Nf3 Nc6 5. g3 Nge7 6. Bg2 Ng6 7. 0-0 Ngxe5 8. Nbd2 g6 9. Nb3 Nxc4 10. Nbxd4 Nxd4 11. Nxd4 Nd6 12. Qa4+ Qd7 13. Qc2 Bg7 14. Be3 0-0 15. Rfd1 Qe7 16. Rac1 c6 17. Qc5 Nf5 18. Nxf5 Qxc5 19. Bxc5 1-0

[Event "Torino Sada op"]
[Site "Torino"]
[Date "2012.10.08"]
[Round "4"]
[White "Giacometto, Mario"]
[Black "Digiugno, Franco"]
[Result "1-0"]
[WhiteElo "1985"]
[BlackElo "1998"]
[PlyCount "27"]
[EventDate "2012.09.17"]
[EventType "swiss"]
[EventRounds "7"]
[EventCountry "ITA"]
[SourceTitle "EXT 2018"]
[Source "ChessBase"]
[SourceDate "2017.10.13"]
[SourceVersion "1"]
[SourceVersionDate "2017.10.13"]
[SourceQuality "1"]

1. e4 Nc6 2. Nc3 e5 3. Bc4 Nf6 4. d3 Na5 5. Nge2 Nxc4 6. dxc4 Bc5 7. 0-0 h6 8. Qd3 d6 9. Be3 Bxe3 10. Qxe3 0-0 11. b3 Ng4 12. Qd3 f5 13. f3 fxe4 14. Qd5+ 1-0

[Event "Torino Trofeo Perelli"]
[Site "Torino"]
[Date "2012.04.02"]
[Round "4"]
[White "Digiugno, Franco"]
[Black "Giacometto, Mario"]
[Result "1-0"]
[WhiteElo "2026"]
[BlackElo "1990"]
[PlyCount "53"]
[EventDate "2012.03.12"]
[EventType "swiss"]
[EventRounds "7"]
[EventCountry "ITA"]
[SourceTitle "EXT 2018"]
[Source "ChessBase"]
[SourceDate "2017.10.13"]
[SourceVersion "1"]
[SourceVersionDate "2017.10.13"]
[SourceQuality "1"]

1. d4 d5 2. c4 e6 3. cxd5 exd5 4. Nc3 Nf6 5. Bg5 Nbd7 6. e3 c6 7. Qc2 Be7 8. Bd3 g6 9. Nf3 a5 10. h3 0-0 11. 0-0 Re8 12. a3 Nh5 13. Bh6 Bf8 14. Bxf8 Nxf8 15. b4 axb4 16. axb4 Rxa1 17. Rxa1 b5 18. Ne5 Qd6 19. Nxc6 Bf5 20. Nxb5 Qf6 21. Bxf5 gxf5 22. Ne5 f4 23. Ng4 Qg5 24. Qf5 Ne6 25. Qxg5+ Nxg5 26. exf4 Nxf4 27. Nf6+ 1-0

[Event "Turin-ch"]
[Site "Turin"]
[Date "2009.11.16"]
[Round "2"]
[White "Digiugno, Franco"]
[Black "Gallucci, Alessio"]
[Result "0-1"]
[WhiteElo "2083"]
[BlackElo "2164"]
[PlyCount "62"]
[EventDate "2009.11.09"]
[EventType "swiss"]
[EventRounds "7"]
[EventCountry "ITA"]
[SourceTitle "EXT 2012"]
[Source "ChessBase"]
[SourceDate "2011.11.24"]
[SourceVersion "1"]
[SourceVersionDate "2011.11.24"]
[SourceQuality "1"]

1. d4 Nf6 2. Nc3 d5 3. Bg5 c5 4. Bxf6 exf6 5. e3 c4 6. e4 Bb4 7. Qf3 0-0 8. 0-0-0 Bxc3 9. Qxc3 b5 10. exd5 Bb7 11. Be2 Na6 12. Qg3 Nb4 13. Kb1 Nxd5 14. Bf3 c3 15. Ne2 cxb2 16. Bxd5 Bxd5 17. Nf4 Bc4 18. Kxb2 Rc8 19. Rhe1 Rc6 20. Qe3 Qd6 21. Nd3 Ra6 22. Nc1 Qb4+ 23. Nb3 Qa3+ 24. Kc3 Bxb3 25. axb3 Rc8+ 26. Kd3 Re6 27. Qd2 Rec6 28. Rc1 Qb2 29. Re7 Rc3+ 30. Ke2 Kf8 31. Rxa7 Rxc2 0-1

[Event "Bratto op 21st"]
[Site "Bratto"]
[Date "2001.08.30"]
[Round "9"]
[White "Digiugno, Franco"]
[Black "Podini, Francesco"]
[Result "0-1"]
[WhiteElo "2145"]
[BlackElo "2072"]
[PlyCount "52"]
[EventDate "2001.08.22"]
[EventType "swiss"]
[EventRounds "9"]
[EventCountry "ITA"]
[SourceTitle "EXT 2002"]
[Source "ChessBase"]
[SourceDate "2001.11.25"]
[SourceVersion "1"]
[SourceVersionDate "2001.11.25"]
[SourceQuality "1"]

1. d4 Nf6 2. Bg5 Ne4 3. Bf4 c5 4. f3 Qa5+ 5. c3 Nf6 6. d5 Qb6 7. Bc1 e6 8. e4 exd5 9. e5 Qe6 10. Qe2 Ng8 11. Nh3 Ne7 12. Nf4 Qc6 13. Qd1 g6 14. a4 c4 15. Ne2 Bg7 16. Nd4 Qb6 17. f4 0-0 18. Na3 a6 19. Be2 d6 20. exd6 Qxd6 21. 0-0 Nbc6 22. Be3 Nxd4 23. Bxd4 Nf5 24. Bxg7 Kxg7 25. Kh1 h5 26. Bxc4 dxc4 0-1

[Event "Salsomaggiore Terme op"]
[Site "Salsomaggiore Terme"]
[Date "1999.05.08"]
[Round "4"]
[White "Digiugno, Franco"]
[Black "Natalucci, Fabrizio"]
[Result "1/2-1/2"]
[WhiteElo "2135"]
[BlackElo "2225"]
[PlyCount "33"]
[EventDate "1999.05.??"]
[EventType "swiss"]
[EventRounds "6"]
[EventCountry "ITA"]
[SourceTitle "CBM 070 Extra"]
[Source "ChessBase"]
[SourceDate "1999.07.10"]
[SourceVersion "1"]
[SourceVersionDate "1999.07.10"]
[SourceQuality "1"]

1. d4 d5 2. Nf3 f5 3. Bf4 Nf6 4. e3 e6 5. Nbd2 Bd6 6. Bxd6 Qxd6 7. c4 0-0 8. Bd3 Ne4 9. 0-0 Nd7 10. Rc1 c6 11. a3 Ndf6 12. Ne5 Bd7 13. f3 Nxd2 14. Qxd2 Be8 15. b4 Nd7 16. Nxd7 Bxd7 17. Qc2 1/2-1/2

[Event "Salsomaggiore Terme op"]
[Site "Salsomaggiore Terme"]
[Date "1999.05.07"]
[Round "2"]
[White "Digiugno, Franco"]
[Black "Sabatini, Mario"]
[Result "1/2-1/2"]
[WhiteElo "2135"]
[BlackElo "2075"]
[PlyCount "99"]
[EventDate "1999.05.??"]
[EventType "swiss"]
[EventRounds "6"]
[EventCountry "ITA"]
[SourceTitle "CBM 070 Extra"]
[Source "ChessBase"]
[SourceDate "1999.07.10"]
[SourceVersion "1"]
[SourceVersionDate "1999.07.10"]
[SourceQuality "1"]

1. d4 Nf6 2. Nf3 d6 3. Bg5 Nbd7 4. Nbd2 g6 5. e4 e5 6. c3 Bg7 7. h3 0-0 8. Bc4 Qe8 9. Qe2 h6 10. dxe5 dxe5 11. Be3 Qe7 12. 0-0 Nh5 13. Rad1 b6 14. Bd5 Rb8 15. Bc6 Nc5 16. b4 Ne6 17. Nc4 Nef4 18. Qd2 Ba6 19. b5 Rbd8 20. Qc2 Bc8 21. Bc1 Qe6 22. Ne3 Bd7 23. Bxd7 Rxd7 24. c4 c6 25. Rxd7 Qxd7 26. Rd1 Qc7 27. Ba3 Re8 28. Bb2 cxb5 29. cxb5 Qxc2 30. Nxc2 Nf6 31. Bxe5 Nxe4 32. Bxf4 Nc3 33. Rd7 Ne2+ 34. Kf1 Nxf4 35. Rxa7 Rc8 36. Nfe1 Bf8 37. h4 Bc5 38. g3 Nd5 39. a4 Nc3 40. Ne3 Bxe3 41. fxe3 Rc4 42. a5 bxa5 43. b6 Rb4 44. b7 Kg7 45. Nd3 Rb1+ 46. Kg2 Ne4 47. Ne5 Nd6 48. Rxa5 Rxb7 49. Kf3 Re7 50. Rd5 1/2-1/2